| 000 | 00906nam a22002057a 4500 | ||
|---|---|---|---|
| 005 | 20080620125554.0 | ||
| 008 | 080620t xxu||||| |||| 00| 0 hin d | ||
| 010 | _aHIN45930 | ||
| 020 | _c70.00 | ||
| 035 | _aHN-27278 | ||
| 037 | _bDBAD | ||
| 040 |
_adpl _bHN |
||
| 082 | _a005.4 / चौबेसं | ||
| 100 | _aचौबेसं | ||
| 245 |
_aबेसिक प्रोग्रमिंग / _cसंतोष चौबे तथा अजय तिवारी |
||
| 260 |
_aभोपाल _bमध्यप्रदेश हिन्दी ग्रंथ अकादमी _c1998 |
||
| 300 |
_a185पृ. _c22सेमी |
||
| 942 |
_cHN _2ddc _h005.4 _mचौबेसं |
||
| 999 |
_c13817 _d13817 |
||